Elementary mechanics of deformable bodies (Record no. 3931)

000 -LEADER
fixed length control field 00501nam a22001931 4500
001 - CONTROL NUMBER
control field 3931
003 - CONTROL NUMBER IDENTIFIER
control field BD-DhUET
008 - FIXED-LENGTH DATA ELEMENTS--GENERAL INFORMATION
fixed length control field 690306s1969 nyua 001 0 eng
040 ## - CATALOGING SOURCE
Original cataloging agency DLC
Transcribing agency DLC
Modifying agency BD-DhUET
082 00 - DEWEY DECIMAL CLASSIFICATION NUMBER
Classification number 620.11
Item number SMI/1969
100 ## - MAIN ENTRY--PERSONAL NAME
Personal name Smith, J. O.
245 10 - TITLE STATEMENT
Title Elementary mechanics of deformable bodies
250 ## - EDITION STATEMENT
Edition statement 1st ed.
260 ## - PUBLICATION, DISTRIBUTION, ETC. (IMPRINT)
Place of publication, distribution, etc. New York
Name of publisher, distributor, etc. Macmillan
Date of publication, distribution, etc. 1969
300 ## - PHYSICAL DESCRIPTION
Extent xv, 634p.
Other physical details illus.
Dimensions 24 cm.
650 #0 - SUBJECT ADDED ENTRY--TOPICAL TERM
Topical term or geographic name as entry element Deformations (Mechanics)
700 ## - ADDED ENTRY--PERSONAL NAME
Personal name Sidebottom, O. M.
942 ## - ADDED ENTRY ELEMENTS (KOHA)
Koha item type General Book
Holdings
Date acquired Koha full call number Copy number Lost status Damaged status Withdrawn status Koha item type Location (home branch) Source of classification or shelving scheme Shelving location Sublocation or collection (holding branch) Piece designation (barcode) Not for loan Koha normalized classification for sorting Price effective from Koha date last seen
2014-11-09620.1123/SMI/19691   General BookCentral Library, BUET Circulation sectionCentral Library, BUET84337 620_112300000000000_SMI_19692014-11-092014-11-09
2014-11-09620.1123/SMI/19692   General BookCentral Library, BUET Circulation sectionCentral Library, BUET52639 620_112300000000000_SMI_19692014-11-092014-11-09
2015-04-22620.1123/SMI/19693   General BookCentral Library, BUET Circulation sectionCentral Library, BUET20130 620_112300000000000_SMI_19692015-04-222015-04-22
2015-04-23620.11/SMI/19694   General BookCentral Library, BUET Circulation sectionCentral Library, BUET19202 620_110000000000000_SMI_19692015-04-232015-04-23